| 000 | 01135nam a2200397 a 4500 | ||
|---|---|---|---|
| 003 | AR-BaBNM | ||
| 005 | 20251128205237.0 | ||
| 008 | 082120s2002 ||||||||||||||000 | spa|| | ||
| 040 | _cAR-BaBNM | ||
| 245 | 0 | 0 | _aLa educación estética lujo o necesidad |
| 250 | _a1ª ed. | ||
| 260 |
_aBuenos Aires _bKapelusz _c1975 |
||
| 300 | _a221 p. | ||
| 490 | 0 | _aBiblioteca de cultura pedagógica | |
| 650 | 4 | _aEDUCACION ARTISTICA | |
| 650 | 4 | _aEDUCACION ESTETICA | |
| 650 | 4 | _aDESARROLLO DE LA PERSONALIDAD | |
| 650 | 4 | _aPOESIA | |
| 650 | 4 | _aEDUCACION MUSICAL | |
| 650 | 4 | _aDIBUJO | |
| 650 | 4 | _aTEATRO POPULAR | |
| 650 | 4 | _aDANZA | |
| 650 | 4 | _aENSEÑANZA AUDIOVISUAL | |
| 650 | 4 | _aEDUCACION ESPECIAL | |
| 653 | _aEDUCACION PRIMARIA | ||
| 653 | _aTRABAJO MANUAL | ||
| 700 | 1 |
_aPorcher, Louis _ecolaborador |
|
| 700 | 1 |
_aForquin, Jean-Claude _ecolaborador |
|
| 700 | 1 |
_aFerran, Pierre _ecolaborador |
|
| 700 | 1 |
_aDargelos, Pierre _ecolaborador |
|
| 700 | 1 |
_aBlot, Bernard _ecolaborador |
|
| 700 | 1 |
_aGagnard, Madeleine _ecolaborador |
|
| 700 | 1 |
_aBerthier, Liesel _ecolaborador |
|
| 942 | _cBK | ||
| 998 | _cCarmen | ||
| 999 |
_c10565 _d10565 |
||